Countries with Weasels - Statistics

General Stats
  • This quiz has been taken 37 times
    36 since last reset
  • The average score is 71 of 85
Answer Stats
Continent Country % Correct
North America United States of America
100%
North America Canada
96%
Europe United Kingdom
96%
Asia China
92%
Asia India
92%
Asia/ Europe Russia
92%
Europe Austria
88%
Europe Belarus
88%
Europe Belgium
88%
South America Bolivia
88%
South America Brazil
88%
North America Costa Rica
88%
Europe Croatia
88%
South America Ecuador
88%
North America El Salvador
88%
Europe Estonia
88%
Europe France
88%
Europe Greece
88%
South America Guyana
88%
Europe Ireland
88%
Europe Italy
88%
Asia Japan
88%
Europe Kosovo
88%
Europe Latvia
88%
North America Mexico
88%
North America Nicaragua
88%
Asia North Korea
88%
Europe North Macedonia
88%
Asia Pakistan
88%
South America Peru
88%
Europe Serbia
88%
Asia South Korea
88%
Europe Spain
88%
Europe the Netherlands
88%
South America Venezuela
88%
Asia Vietnam
88%
Asia Afghanistan
83%
Europe Albania
83%
Europe Andorra
83%
North America Belize
83%
Europe Bosnia and Herzegovina
83%
Europe Bulgaria
83%
South America Colombia
83%
Europe Germany
83%
North America Guatemala
83%
Europe Hungary
83%
Asia Indonesia
83%
Asia Kazakhstan
83%
Europe Lithuania
83%
Asia Mongolia
83%
Asia Myanmar
83%
North America Panama
83%
Europe Poland
83%
Europe Portugal
83%
Europe Romania
83%
South America Suriname
83%
Europe Switzerland
83%
Asia Tajikistan
83%
Asia Turkmenistan
83%
Asia Bhutan
79%
Europe Czech Republic
79%
Europe Denmark
79%
Europe Finland
79%
North America Honduras
79%
Asia Kyrgyzstan
79%
Europe Liechtenstein
79%
Europe Luxembourg
79%
Asia Malaysia
79%
Europe Moldova
79%
Europe Monaco
79%
Europe Montenegro
79%
Africa Morocco
79%
Asia Nepal
79%
Europe Slovakia
79%
Europe Slovenia
79%
Europe Sweden
79%
Asia Uzbekistan
79%
Africa Egypt
75%
Europe Norway
75%
Asia Taiwan
75%
Asia Thailand
75%
Europe Ukraine
75%
Asia Laos
71%
Asia Brunei
67%
Europe San Marino
67%
No matching quizzes found
Score Distribution
Percent of People with Each Score
Percentile by Number Answered
Your Score History
You have not taken this quiz since the last reset